00797cam a2200229 a 450000100100000000500170001000800410002704000290006808200200009710000290011724500540014626000320020030000200023249000330025265000290028565000320031483000400034691000340038604900090042095201230042999900150055200000966420200929161648.0821210s1979 ve 000 0 spa  aDO-SdBNPbspacLCdBNPHU aVe862.44bR412f1 aRengifo, César.92455213aUn Fausto anda por la avenida /cCésar Rengifo. aCaracas :bFundarte,c1979. a47 p. ;c22 cm.1 aCuadernos de Difusión,v38 4aTeatro venezolano923074 4aLiteratura venezolana93816 0aCuadernos de Difusión ;v3896694 aCatalogación por copia / LC aBNGR 001052708MOaGRbGRcCTd2009-09-30iLF1l0oVe862.44 R412fp9664-10r2020-06-25w2020-06-25y2ZPréstamo interno c9424d9424